La supresión del Obispado de Alaba (sic) y sus derivaciones en la historia del País Vasco / (Record no. 107542)

MARC details
000 -LEADER
campo de control de longitud fija 00862nam a2200229 i 4500
001 - NÚMERO DE CONTROL
campo de control 107542
003 - IDENTIFICADOR DE NÚMERO DE CONTROL
campo de control ES-MaACL
005 - FECHA Y HORA DE LA ÚLTIMA TRANSACCIÓN
campo de control 20251012063046.0
007 - CAMPO FIJO DE DESCRIPCIÓN FÍSICA--INFORMACIÓN GENERAL
campo de control de longitud fija t|
008 - DATOS DE LONGITUD FIJA--INFORMACIÓN GENERAL
campo de control de longitud fija 151013m19191920sp r ||||1| spa d
100 1# - ENTRADA PRINCIPAL--NOMBRE DE PERSONA
Nombre de persona Floranes, Rafael,
Fechas asociadas al nombre 1743-1801
9 (RLIN) 51240
245 13 - MENCIÓN DEL TÍTULO
Título La supresión del Obispado de Alaba (sic) y sus derivaciones en la historia del País Vasco /
Mención de responsabilidad, etc. por Rafael de Floranes ; introducción y notas por Segundo de Ispizua.
260 ## - PUBLICACIÓN, DISTRIBUCIÓN, ETC.
Lugar de publicación, distribución, etc. Madrid :
Nombre del editor, distribuidor, etc. [s.n.],
Fecha de publicación, distribución, etc. 1919-1920 (
Fabricante Gráf. Mateu)
300 ## - DESCRIPCIÓN FÍSICA
Extensión 2 v. ;
Dimensiones 23 cm.
490 1# - MENCIÓN DE SERIE
Mención de serie Biblioteca de Historia Vasca ;
Designación de volumen o secuencia 1-2
650 #4 - PUNTO DE ACCESO ADICIONAL DE MATERIA--TÉRMINO DE MATERIA
Término de materia o nombre geográfico como elemento de entrada Diócesis-
Subdivisión geográfica País Vasco.
9 (RLIN) 157895
651 #4 - PUNTO DE ACCESO ADICIONAL DE MATERIA--NOMBRE GEOGRÁFICO
Nombre geográfico País Vasco-
Subdivisión general Historia.
9 (RLIN) 9152
700 1# - ENTRADA AGREGADA--NOMBRE PERSONAL
Nombre de persona Ispizua, Segundo de,
Fechas asociadas al nombre 1869-1924
9 (RLIN) 65593
830 00 - PUNTO DE ACCESO ADICIONAL DE SERIE-TÍTULO UNIFORME
Título uniforme Biblioteca de historia vasca
Designación de volumen o secuencia 1-2
9 (RLIN) 183472
852 ## - LOCALIZACIÓN
Ubicación ES-MaACL
Número de control de estantería F-520-21
Holdings
Estatus retirado Estado de pérdida Estado de daño No para préstamo Biblioteca de origen Biblioteca actual Ubicación en estantería Fecha de adquisición Fuente de adquisición Total de préstamos Signatura topográfica completa Código de barras Visto por última vez Precio de reemplazo Tipo de ítem Koha
        Biblioteca del Ateneo de Madrid Biblioteca del Ateneo de Madrid Depósito 2 13/10/2015     F-520-21 1194252 23/02/2023 23/02/2023 Libro impreso